[Event "Bundesliga 2223"]
[Site "Germany"]
[Date "2022.11.26"]
[Round "3.6"]
[White "Kovacevic, Aleksandar"]
[Black "Deuer, Marius"]
[Result "1-0"]
[WhiteElo "2471"]
[BlackElo "2326"]
[PlyCount "115"]
[EventDate "2022.10.21"]
[EventType "team-tourn"]
[EventRounds "15"]
[EventCountry "GER"]
[SourceTitle "CBM 211"]
[Source "ChessBase"]
[SourceDate "2022.12.31"]
[SourceVersion "1"]
[SourceVersionDate "2022.12.31"]
[SourceQuality "1"]
[WhiteTeam "Kirchweyhe"]
[BlackTeam "Schoenaich"]
[WhiteTeamCountry "GER"]
[BlackTeamCountry "GER"]

1. Nf3 Nf6 2. d4 e6 3. c4 b6 4. g3 Ba6 5. b3 Bb4+ 6. Bd2 Be7 7. Nc3 d5 8. cxd5 exd5 9. Bg2 0-0 10. 0-0 Re8 11. Ne5 Bb7 12. Rc1 Nbd7 13. Bf4 Nf8 14. Rc2 Ne6 15. Bc1 a6 16. e3 Bd6 17. Bb2 c5 18. Nc4 cxd4 19. Nxd6 Qxd6 20. exd4 Rac8 21. Qd3 b5 22. Rfc1 h6 23. Nd1 Rxc2 24. Rxc2 Ne4 25. Ne3 Qd7 26. Re2 Rd8 27. Ng4 Rc8 28. f3 Nd6 29. Bh3 Qc7 30. Ba3 Re8 31. Nxh6+ gxh6 32. Bxe6 Rxe6 33. Rxe6 fxe6 34. Qg6+ Kh8 35. Qxh6+ Kg8 36. Qg6+ Kh8 37. Qh6+ Kg8 38. Qf4 b4 39. Bxb4 Nb5 40. Qg4+ Kf7 41. Qh5+ Kg7 42. Qg4+ Kf7 43. Bc5 Kf6 44. a4 Nc3 45. h4 Qg7 46. Qf4+ Kg6 47. Qd2 Kh7 48. Kf2 Ne4+ 49. fxe4 dxe4 50. Qf4 Bd5 51. b4 Qd7 52. Bd6 Qe8 53. b5 axb5 54. axb5 e5 55. Qf5+ Kg8 56. Bxe5 Qxb5 57. Qg6+ Kf8 58. Bd6# 1-0